Johnny Cash -The Chicken in Black Lyrics Quiz - Statistics

General Stats
  • This quiz has been taken 39 times
  • The average score is 277 of 440
Answer Stats
Answer % Correct
a
100%
do
100%
I
100%
in
100%
my
100%
up
100%
and
95%
doc
95%
im
95%
I'm
95%
Im
95%
the
95%
you
95%
your
95%
brain
91%
doctor
91%
on
91%
so
91%
he
86%
He
86%
New
86%
new
86%
said
86%
this
86%
to
86%
bank
82%
guitar
82%
head
82%
hurt
82%
me
82%
no
82%
of
82%
one
82%
York
82%
bad
77%
bodys
77%
but
77%
For
77%
for
77%
money
77%
robbin
77%
that
77%
all
73%
case
73%
place
73%
em
68%
his
68%
out
68%
robber
68%
son
68%
sorry
68%
stick
68%
we
68%
year
68%
Cash
64%
everybody
64%
he'll
64%
outlived
64%
brand
59%
chicken
59%
Chicken
59%
day
59%
door
59%
fix
59%
reach
59%
when
59%
you're
59%
back
55%
be
55%
Flash
55%
John
55%
Johnny
55%
know
55%
lady
55%
long
55%
ma'am
55%
nobody
55%
with
55%
years
55%
alright
50%
Black
50%
dont
50%
got
50%
move
50%
right
50%
two
50%
why
50%
checked
45%
Manhattan
45%
night
45%
tell
45%
train
45%
went
45%
am
41%
best
41%
brains
41%
give
41%
killed
41%
last
41%
met
41%
old
41%
shot
41%
called
36%
drop
36%
shook
36%
something
36%
stepped
36%
Walk
36%
was
36%
boy
32%
down
32%
off
32%
transplant
32%
walked
32%
what
32%
can
27%
feeling
27%
great
27%
have
27%
rings
27%
strange
27%
watches
27%
well
27%
you'll
27%
cant
23%
had
23%
happened
23%
headache
23%
I'll
23%
Mr
23%
okay
23%
see
23%
sing
23%
ten
23%
he's
18%
if
18%
Nashville
18%
show
18%
makin
14%
mind
14%
mine
14%
now
14%
opry
14%
other
14%
Roy
14%
songs
14%
aint
9%
contract
9%
gotta
9%
I'd
9%
income
9%
i've
9%
like
9%
lots
9%
singing
9%
snapped
9%
stage
9%
steal
9%
tax
9%
there
9%
yelled
9%
any
5%
couldn't
5%
doing
5%
half
5%
hey
5%
hold
5%
into
5%
Line
5%
line
5%
Monday
5%
New York
5%
pay
5%
quack
5%
reached
5%
recording
5%
remember
5%
street
5%
talked
5%
verse
5%
Acuff
0%
blow
0%
bucks
0%
catch
0%
concerts
0%
dates
0%
fairs
0%
friends
0%
him
0%
necessarily
0%
onto
0%
oughta
0%
signed
0%
try
0%
walking
0%
No matching quizzes found
Score Distribution
Percent of People with Each Score
Percentile by Number Answered
Your Score History
You have not taken this quiz